00313nam a22001337a 4500003000400000008004100004020001800045082001200063100001300075245003100088260003500119300000800154650001700162OSt200703b ||||| |||| 00| 0 eng d a9789374734551 a615 KUT aKumar, N aA Textbook Of Pharmacology aDelhibAitbs Publishers c2019 a291 aPharmacology